Statistiken für Allgemeinwissen - Deutschland

Klicken Sie hier um das Quiz zu spielen!

Allgemein

  • Dieses Quiz wurde 2.849 mal gespielt
  • Das Durchschnittsergebnis liegt bei 7 aus 12

Antwortstatistiken

FrageAntwort% Korrekt
Was war die Hauptstadt vor Berlin?Bonn
94%
Wer schoss Deutschland 2014 zum Weltmeister?Götze
87%
Wie viele Einwohner hat Deutschland?83 Mio
79%
Wann ist Angela Merkel zum ersten mal Bundeskanzlerin geworden?2005
76%
Welches Bundesland hat mit über 17 Mio Einwohner die meisten?Nordrhein-Westfalen
73%
Wer war trainierte vor Jogi Löw die DFB-Elf?Klinsmann
65%
Wie hoch ist 2021 die Arbeitslosenquote? (%)6,1
57%
Wann wurde der Euro in Deutschland eingeführt?1. Januar 2002
56%
Wann wurde Deutschland wiedervereinigt?1990
44%
Seit wann gibt es die Deutsche Flagge in Schwarz, Rot und Gold?1813
38%
Wie viele Analphabeten gibt es in Deutschland?7.500.000
13%
Was ist Deutschlands Staats- und Regierungsform?parlamentarische Republik
9%

Verteilung der Resultate

Perzentil nach korrekt beantworteten Fragen

Anzahl Personen mit jedem Resultat

Ihre Resultats-Entwicklung

Sie haben dieses Quiz noch nicht gespielt